| 000 | 00531nam a22002171 4500 | ||
|---|---|---|---|
| 001 | 3580972 | ||
| 005 | 20180205083519.0 | ||
| 008 | 850917s1930 mauc 000 0 eng | ||
| 010 | _a 30032010 | ||
| 040 |
_aDLC _cDLC _dDLC |
||
| 041 | _aeng | ||
| 043 | _an-us-ma | ||
| 051 | _c929.1 | ||
| 080 | _a929.1 | ||
| 082 | 0 | 0 | _a929.1 CRA |
| 100 | 1 | _a16 | |
| 101 | _aHIS | ||
| 245 | 1 | 0 |
_aFamous families of Massachusetts, _cby Mary Caroline Crawford ... |
| 906 |
_a7 _bcbc _corignew _du _eocip _f19 _gy-gencatlg |
||
| 942 |
_2ddc _cBK |
||
| 999 |
_c41814 _d41814 |
||